Personnalités politiques françaises n°4 - Statistiques

Statistiques générales
  • Ce quiz a été pris 3 550 fois
  • Le résultat moyen est 12 sur 20
Statistiques - réponses
Par images Réponse % Correct
François Hollande
99%
Jean-Marie Le Pen
98%
Philippe Poutou
91%
Christiane Taubira
89%
François Bayrou
89%
Bruno Le Maire
84%
Lionel Jospin
79%
Dominique Strauss-Kahn
72%
Alain Juppé
70%
Laurent Wauquiez
70%
Philippe de Villiers
63%
Jean-Marc Ayrault
56%
José Bové
49%
Nathalie Kosciusko-Morizet
45%
Éric Coquerel
39%
Jacques Cheminade
35%
Nicole Belloubet
32%
Fleur Pellerin
31%
François de Rugy
30%
André Chassaigne
19%
Aucun quiz correspondant
Distribution des résultats
% des personnes avec chaque résultat
Percentile par nombre de réponses
Votre historique - résultats
Vous n’avez pas pris ce quiz